A carregar...

THE MADRAS AGRICULTURAL JOURNAL ( J )

Detalhes bibliográficos
Formato: Continuing Resources
Publicado em: INDIA TAMIL NADU AGRICULTURE UNIVERSITY 1975
Assuntos:
LEADER 00509nam a2200205 4500
020
037
082 |a 630 05 AGR 
100
245 |a THE MADRAS AGRICULTURAL JOURNAL ( J )  |h English 
250
260 |a INDIA  |b TAMIL NADU AGRICULTURE UNIVERSITY  |c 1975 
300 |a 878  |f HB 
500
590
630
650 |a AGRICULTURAL 
942 |c CR 
999 |c 170855  |d 170855 
952 |0 0  |1 0  |4 0  |6 630_050000000000000_AGR  |7 0  |9 184289  |a BOT  |b BOT  |l 0  |o 630 05 AGR  |p BOT5974  |r 2019-10-25  |w 2019-10-25  |y CR